1088 1472 1509 1547 1514 1619 1920 1122 1129 1224 1909 1748 1625 1882 1751 1018 1091 1502 1495 1455 1468 1307 1597 1920 1050 1702 1589 1494 1329 1439 1346 1919 1950 1038 1470 1454 1568 1326 1191 1890 1390 1201 1041 1192 1071 1450 1089 1855 1790 1482 1386 1197 1698 1118 1770 1131 1600 1139 1028 1010 1962 1516 1830 1088 1263 1879 1508 1603 1600 1095 1730 1531 1560 1970 1000 1688 1441 1013 1575 1891 1674 1487 1847 1387 1812 1817 1710 1870 1017 1858 1819 1981 1749 1531 1095 1161 1192 1950 1738 BCNSPRNW ULIB Ver.6.0+V

เปลี่ยนเป็นภาษาไทย

Change to English
 แสดงรายละเอียดบรรณานุกรม
  กลับหน้าหลัก

Brief Record : Get Marc (ISO 2709) : E-mail record : QR code < ปิดหน้าต่าง
LEADER : 00000nam 2200000uu 4500
001    13399122779
003     ULIB
008    130923s2555||||th 000 0 tha d
020    ^a9786169070450
050  4 ^aLB1590.3^bส748ป
100 0  ^aสุคนธ์ สินธพานนท์
245 10 ^aพัฒนาทักษะการคิด--ตามแนวปฏิรูปการศึกษา /^cสุคนธ์ สินธพานนท์, วรรัตน์ วรรณเลิศลักษณ์, พรรณี สินธพานนท์
250    ^aพิมพ์ครั้งที่ 1.
260    ^aกรุงเทพฯ :^bศูนย์หนังสือจุฬาลงกรณ์มหาวิทยาลัย,^c2555.
300    ^a296 หน้า :^bภาพประกอบ
650  7 ^aทฤษฎีการรู้คิดและการเรียนรู้
650  7 ^aการเรียนรู้
650  7 ^aความคิดสร้างสรรค์
650  7 ^aความคิดและการคิด
650  7 ^aทักษะทางการคิด
700 0  ^aพรรณี สินธพานนท์
700 0  ^aวรรัตน์ วรรณเลิศลักษณ์
945    ^p250^l0^i034000
945    ^p250^l0^i034001
999    ^aเกษร โพธิ์สุวรรณ
รายการนี้ยังไม่มีแท็ก
คุณยังไม่ได้ล็อกอิน คุณสามารถมีกิจกรรมร่วมกับเว็บไซต์ได้ แต่ต้องล็อกอินก่อน ::
  ล็อกอิน

รายการสื่อสารสนเทศ

ลำดับที่ ประเภท เลขเรียก/บาร์โค้ด สถานที่ สถานะ
1. การศึกษาทั่วไป
หนังสือสำรอง
สถานะ=หนังสือสำรอง
LB1590.3 ส748ป ฉ.1 
  Barcode: 034000
ห้องสมุดวิทยาเขตสวรรค์ประชารักษ์
►หนังสือทั่วไป
บนชั้น
2. การศึกษาทั่วไป
การศึกษาทั่วไป
LB1590.3 ส748ป ฉ.2 
  Barcode: 034001
ห้องสมุดวิทยาเขตนครสวรรค์
►หนังสือทั่วไป:l:General Books
บนชั้น

รายการใกล้เคียง
    ผู้แต่ง [สุคนธ์ สินธพานนท์]

    หัวเรื่อง [ทฤษฎีการรู้คิดและการเรียนรู้]
    หัวเรื่อง [การเรียนรู้]
    หัวเรื่อง [ความคิดสร้างสรรค์]
    หัวเรื่อง [ความคิดและการคิด]
    หัวเรื่อง [ทักษะทางการคิด]

BibComment


ยังไม่เคยถูกคอมเมนท์

คอมเมนท์ทรัพยากรรายการนี้
  คอมเมนท์: พัฒนาทักษะการคิด..


 Copyright 2026. Bcnsprnw @Library